Statistics for Every Galar Legendry and Mythical Pokémon

Click here to take the quiz!

General Stats

  • This quiz has been taken 5 times
  • The average score is 7 of 11

Answer Stats

HintAnswer% Correct
890Eternatus
100%
888Zacian
100%
889Zamazenta
100%
898Calyrex
60%
896Glastrier
60%
893Zarude
60%
891Kubfu
40%
895Regidrago
40%
894Regieleki
40%
897Spectrier
40%
892Urshifu
40%

Score Distribution

Percentile by Number Answered

Percent of People with Each Score

Your Score History

You have not taken this quiz